[Event "Bundesliga 1112"]
[Site "Germany"]
[Date "2011.10.16"]
[Round "3.5"]
[White "L'Ami, Erwin"]
[Black "Miroshnichenko, Evgenij"]
[Result "1-0"]
[WhiteElo "2591"]
[BlackElo "2624"]
[Annotator "L'Ami,E"]
[PlyCount "77"]
[EventDate "2011.10.14"]
[EventType "team-tourn"]
[EventRounds "15"]
[EventCountry "GER"]
[SourceTitle "CBM 145"]
[Source "ChessBase"]
[SourceDate "2011.11.11"]
[SourceVersion "1"]
[SourceVersionDate "2011.11.11"]
[SourceQuality "1"]
[WhiteTeam "Solingen"]
[BlackTeam "Hockenheim"]
[WhiteTeamCountry "GER"]
[BlackTeamCountry "GER"]

1. d4 Nf6 2. c4 e6 3. Nf3 d5 4. Nc3 Bb4 5. Bg5 dxc4 6. e4 h6 $5 {This system
was reinvented by Vladimir Kramnik, who employed it twice in the 2009 edition
of the Tal Memorial. White is forced to give up his pair of bishops but has
quick development and central control in return.} 7. Bxf6 Qxf6 8. Bxc4 ({
In his game against Kramnik, Ivanchuk went for the subtle} 8. e5 Qd8 9. Qa4+ $5
{forcing the knight to c6 and thereby stopping the break ...c7-c5. While this
idea is very interesting, and yielded Ivanchuk a great position, it was later
shown by Grischuk that Black is fine after} Nc6 10. Bxc4 Bd7 {- threatening
Nxd4 -} 11. Qc2 Ne7 $132) 8... c5 9. e5 Qd8 10. O-O O-O 11. Ne4 ({It's never
hurts to look at a bit of history! The first encounter in this line, back in
1923, continued} 11. a3 cxd4 (11... Bxc3 12. bxc3 cxd4 13. cxd4 Bd7 $1 {
is the right way.}) 12. axb4 dxc3 13. bxc3 Qc7 14. Qe2 Bd7 15. b5 Be8 16. Bd3
Nd7 17. Qe4 {Bogoljubow-Tartakower, Maehrisch Ostrau 1923. And White was
clearly better.}) 11... cxd4 12. Qe2 ({Of course regaining the pawn with} 12.
Qxd4 Qxd4 13. Nxd4 Nd7 {can only be better for Black. With the text move White
initiates a typical attacking scheme: Rd1, Ng3, Bd3, Qe4. But the question is
in which order to make these moves.}) 12... Bd7 13. Rad1 ({The eternal
question of which rook! During the game I figured that after an eventual f2-f4
the other rook would be well placed on f1. Of course} 13. Rfd1 {also has a
point, allowing the other rook to take the c-file.}) 13... Nc6 14. Ng3 $2 ({
The bishop on b4 was simply waiting for the e4-knight to move so that ...Bc5
becomes possible, defending the pawn on d4 and enabling Black to regroup with .
..Ne7 and ...Bc6. It was therefore important to start with} 14. a3 $1 Be7 {
and now} 15. Bd3 $1 {when I honestly don't see how Black should prevent the
primitive threat of Ng3 and Qe4.}) 14... Bc5 $1 {Of course! Now Black is doing
fine because he is right on time for ...Ne7.} 15. Qe4 Ne7 16. Qg4 ({Here I
realised Black was doing fine, for example} 16. Bd3 Nf5 $1 {forces White to
look for equality already.}) 16... Bc6 17. Ne4 Bxe4 $2 ({Allows me to get away
with my previous play! After the game we concluded that instead} 17... Qc7 $1 {
with the tactical point that} 18. Nxc5 {is met with} Bxf3 {leaves White
struggling.}) 18. Qxe4 Qb6 ({After the alternative} 18... Re8 {, preparing
Ng6-f8 to cover the king, I was planning to continue} 19. Bb5 $5) 19. Bd3 g6 (
19... Ng6 {would now run into} 20. Nh4 $1) 20. h4 Kg7 ({It's interesting to
compare our feelings during the game with the objective truth. After playing
h4 I considered my position to be extremely good, and so did my opponent. My
engine, however, is not impressed and simply pushes} 20... h5 {here.}) 21. h5
Qc6 $6 {My opponent was getting shorter on time, but more importantly it's
difficult to find any means of counterplay.} 22. Qg4 Nf5 23. Rc1 $1 Qb6 ({
Forced, as} 23... Qd5 24. Be4 {drops the c5-bishop and}) (23... a5 24. hxg6
fxg6 25. Nxd4 $1 {would make use of the various pins to finish things off!})
24. Nh4 Nxh4 25. Qxh4 f5 ({Or} 25... g5 26. Qe4 Rh8 27. f4 {with decisive
attack. Also note the difference in bishops throughout the remainder of the
game!}) 26. exf6+ Rxf6 27. hxg6 Qd6 28. Qe4 Rb8 29. g3 {Preparing Kg2-Rh1xh6!}
a5 30. Kg2 b6 31. Rh1 Rbf8 32. f4 ({It was possible to go for} 32. Qb7+ Qe7 33.
Qxe7+ Bxe7 34. Rc7 Rxf2+ 35. Kg1 {but why enter such complications?}) 32... Qd5
{33.Qb7+ was an annoying threat.} 33. Qxd5 exd5 34. Rce1 Rd8 35. Rh5 Bf8 36.
Ree5 Rxg6 ({My opponent takes the fast route.} 36... Rfd6 {would have
prolonged the game somewhat.}) 37. Bxg6 Kxg6 38. Rxd5 Rc8 39. Rh2 $5 {and
Black resigned, which allowed my team Solingen to get away with 4-4!} 1-0

[Event "Bethune op 27th"]
[Site "Bethune"]
[Date "2006.12.30"]
[Round "9"]
[White "L'Ami, Erwin"]
[Black "Ninov, Nikolai"]
[Result "1-0"]
[WhiteElo "2593"]
[BlackElo "2500"]
[Annotator "L'Ami,E"]
[PlyCount "91"]
[EventDate "2006.12.26"]
[EventType "swiss"]
[EventRounds "9"]
[EventCountry "FRA"]
[SourceTitle "CBM 116 Extra"]
[Source "ChessBase"]
[SourceDate "2007.03.07"]
[SourceVersion "1"]
[SourceVersionDate "2007.03.07"]
[SourceQuality "1"]

1. d4 Nf6 2. c4 e6 3. Nf3 d5 4. Nc3 dxc4 5. e4 Bb4 6. Bg5 c5 7. Bxc4 h6 $6 8.
Bxf6 Qxf6 9. O-O Bxc3 10. bxc3 cxd4 11. cxd4 O-O 12. Qe2 {Compared to the
Semi-Tarrasch (1.d4 Nf6 2.c4 e6 3.Nc3 d5 4.cxd5 Nxd5 5.e4 Nxc3 6.bxc3 c5 7.Nf3
cxd4 8.cxd4 Bb4+ 9.Bd2 Bxd2+ 10.Qxd2 O-O) White has gained some extra time.} b6
13. Ne5 Bb7 14. f4 ({Instead} 14. Rad1 {would be met by} Qf4 $1 {stopping the
f4-push and equalising immediately:} (14... Nc6 $2 15. Nd7) (14... Rd8 15. f4
Nc6 16. Nxc6 Bxc6 17. f5 $36) 15. Rfe1 Nc6 $11) 14... Nc6 15. Rad1 Rad8 ({
The alternative was} 15... Nxe5 16. dxe5 Qe7 ({or} 16... Qh4 17. f5 $1 Qxe4 18.
Qxe4 Bxe4 19. fxe6 fxe6 20. Bxe6+ Kh7 21. Bd7 {and the e-pawn is dangerous.})
17. Rd6 {with initiative for White.}) 16. Nxc6 Bxc6 17. f5 exf5 (17... e5 18.
d5 (18. dxe5 Qxe5 19. Bxf7+ Kh8 20. Rxd8 Rxd8 {is ok for Black.}) 18... Bd7 19.
Bb5 {looks very unpleasant for Black, White's d-pawn is a big asset.}) 18. Rxf5
Qe7 (18... Qh4 {allows} 19. Rxf7 $1 Rxf7 20. Bxf7+ Kxf7 21. Qc4+ Ke7 (21... Bd5
22. exd5 Qh5 23. d6+ Kg6 24. Rf1 {is not a picknick for Black.}) 22. Qxc6 Rxd4
23. Qc7+ Kf8 24. Qc8+ Ke7 25. Rf1 {and the Black king is hunted.}) 19. Rf4 g5 {
...with a draw offer, but only a win would guarantee (shared) first prize.
Furthermore I believe White has a clear advantage.} 20. Rg4 Kg7 21. e5 Bd5 22.
Bxd5 Rxd5 23. Rf1 $1 {Stopping the push f7-f6.} Rfd8 $1 ({The best defence.
After} 23... Qd7 {I planned} 24. h4 $1 {and now:} f6 (24... f5 25. hxg5 $1 fxg4
26. gxh6+ Kg8 27. h7+ Qxh7 28. Qxg4+ Qg7 29. Qe6+ Kh7 30. Qxd5 {winning.}) (
24... Rxd4 25. e6 $1 Qd6 (25... fxe6 26. Qe5+) 26. Qb2 {and the rook is lost.})
25. hxg5 fxg5 26. Rxf8 Kxf8 27. e6 {with a huge advantage.}) 24. Qf2 Qd7 25.
Qf6+ Kg8 26. Rg3 (26. Rxg5+ hxg5 27. Qxg5+ Kf8 {doesn't bring more then a draw.
}) 26... Qe6 27. h4 Qxf6 ({Again the best defence, the rook ending after} 27...
Rxd4 {is pretty cheerless for Black:} 28. hxg5 Qxf6 29. gxf6+ (29. Rxf6 {
- 27.Qh4}) 29... Kf8 30. Rh3 Ke8 31. e6 fxe6 32. Rxh6) 28. Rxf6 Rxd4 29. hxg5
Rd3 $5 ({Another option was} 29... hxg5 30. Rxg5+ Kf8 31. e6 (31. Rgf5 Ke7 32.
Rxf7+ Ke6 {is close to a draw.}) 31... Ke7 32. Rxf7+ Kxe6 33. Rxa7 {which is
of course very unpleasant for Black but also offers good saving chances.}) 30.
Rxd3 Rxd3 31. gxh6 Ra3 $6 (31... Re3 $1 32. h7+ (32. e6 $2 Rxe6 33. Rxe6 fxe6
34. g4 b5 35. Kf2 a5 36. Ke3 a4 37. Kd4 b4 38. Kc4 b3 39. axb3 a3 {wins... for
Black!}) 32... Kxh7 33. Rxf7+ Kg6 34. Rxa7 Rxe5 {is still within the drawing
zone.}) 32. e6 $1 fxe6 33. Kf2 $1 (33. Rxe6 Rxa2 34. Re7 b5 35. g4 Ra6 36. g5
b4 {is ok for Black.}) 33... Rxa2+ 34. Kf3 {An interesting idea, White gave
back 2 pawns and now threathens to win with g4-g5-g6.} b5 35. g4 b4 (35... Ra1
36. g5 $1 Rf1+ 37. Ke4 Rxf6 38. gxf6 b4 39. Ke5 b3 40. Kxe6 b2 41. f7+ Kh7 42.
f8=Q {and Black lacks time to get a queen as well.}) 36. g5 Rh2 ({Of course} 
36... b3 37. g6 b2 38. Rf7 {is not a solution.}) 37. Rxe6 $2 ({Throwing away
the win! Suprisingly, only} 37. Rg6+ $1 {leads to a win:} Kh8 (37... Kf8 38.
Rg7 a5 39. Ra7 Kg8 (39... b3 40. h7 b2 41. g6 $1 {and g7 decides.}) 40. Kg4 b3
41. Rxa5 b2 42. Rb5 Kh7 43. Rb7+ Kg8 44. Kg3 {and White wins.}) 38. Rxe6 (38.
Rg7 a5 39. Ra7 b3 40. Rxa5 b2 41. Rb5 Kh7 42. Kg3 Rc2 {and Black draws with
Kg6.}) 38... Kh7 (38... b3 39. Kg4 b2 40. Re8+ Kh7 41. Re7+ Kh8 42. Rb7 a5 43.
Kf5 Rf2+ 44. Kg6 Rf8 45. h7 {followed by Kh6, g6-g7 mate.}) 39. Kf4 b3 40. Re7+
Kh8 41. Rb7 b2 42. Kf5 {winning like in the 48...b3 line.}) 37... b3 ({or} 
37... Kf7 38. Rf6+ Ke7 39. Ra6 b3 40. Rxa7+ Ke6 41. g6 $1 Rxh6 (41... b2 42. g7
$1) 42. g7 Rg6 43. Ra6+ {winning.}) 38. Re7 b2 39. Rb7 a5 40. Kg3 ({The
immediate} 40. Kg4 {runs into} a4 41. Kf5 a3 42. Kf6 Rxh6+ $1 43. gxh6 a2 {
queening.}) 40... Rh5 $2 (40... Rh1 $1 41. Rxb2 Kh7 {leads to a theoreticaly
drawn position. Now White is just in time:}) 41. Kg4 Rh2 42. Kf5 a4 43. Kf6
Rf2+ (43... a3 44. Rb8+ Kh7 45. g6+ Kxh6 46. Rh8#) 44. Kg6 Rf8 45. h7+ Kh8 46.
Kh6 ({and because of} 46. Kh6 a3 47. g6 a2 48. g7# {Black resigned.}) 1-0

[Event "Dortmund SuperGM 38th"]
[Site "Dortmund"]
[Date "2010.07.16"]
[Round "2"]
[White "Le, Quang Liem"]
[Black "Naiditsch, Arkadij"]
[Result "1/2-1/2"]
[WhiteElo "2681"]
[BlackElo "2684"]
[Annotator "Le Quang Liem"]
[PlyCount "69"]
[EventDate "2010.07.15"]
[EventType "tourn"]
[EventRounds "10"]
[EventCountry "GER"]
[EventCategory "20"]
[SourceTitle "CBM 138"]
[Source "ChessBase"]
[SourceDate "2010.09.17"]
[SourceVersion "1"]
[SourceVersionDate "2010.09.17"]
[SourceQuality "1"]

1. d4 Nf6 2. c4 e6 3. Nf3 d5 4. Nc3 dxc4 {As expected, Naiditsch chose the
sharp Vienna Variation, which he uses quite often. So, there is nothing
surprising at all.} 5. e4 Bb4 6. Bg5 c5 7. Bxc4 cxd4 8. Nxd4 Bxc3+ 9. bxc3 Qa5
10. Bb5+ Bd7 11. Bxf6 gxf6 12. Bxd7+ Nxd7 13. O-O a6 {We both followed the
main line.} 14. Rb1 Qc7 15. Qf3 $5 {This move is not a novelty itself, since
it was played once in 2008. I prepared this line a month before the tournament,
and found some interesting ideas. The idea is just to develop my queen to an
active square, protect c3 and attack f6 at the same time, thus preventing
Black's knight from activating. Obviously this move took my opponent out of
his preparation, as he started spending a lot of time...} ({The aggressive} 15.
Qh5 Nc5 16. Rb4 {is considered to be the main line, with long theoretical
lines. People have tried it many times, but in my opinion Black has enough
resources to hold}) 15... O-O-O $146 {A logical decision. Black took the
oppotunity to castle long, which may look safe for his king} ({Wittmann,W
played} 15... Rc8 {against Kosic,D, but after} 16. Rfd1 b6 17. Ne2 {White got
a better position. His pieces are more active than Black's, moreover, Black's
king may feel uncomfortable in the centre. Eventually White managed to win.}) (
{There are some alternatives, such as} 15... O-O {or 15...Rg8. Here we are in
totally new territory. This whole line starting with White's 15th move
deserves more attention. Only further practical games can prove whether White
stands better. From my analysis I think it is at least playable.}) 16. Rb4 {
Of course my plan was to double rooks on the b-file, putting pressure on b7}
Nc5 $6 {My opponent did not react so well.} ({Better is} 16... Ne5 {,followed
by} 17. Qxf6 Ng4 (17... Qxc3 18. Qxe5) (17... Nd3 18. Rbb1 Qxc3 19. Qxf7 Rd7
20. Ne2 {and White is a pawn up}) 18. Qh4 Qxc3 19. Nxe6 fxe6 20. Rb3 Qg7 21.
Qg3 $36 {with a complicated battle. White regains the knight soon, but
probably Black can achieve a draw with some good moves.}) 17. Rfb1 e5 $2 {
Here came the mistake! After this move I had a winning position, but my hasty
play blew it away.} ({At home I thought} 17... Rhg8 {was the best move, and
perhaps that is true, though White is still much better after} 18. Rc4) 18. Rc4
$2 {I mixed up my preparation with another move order (see my notes to Black's
17th move). I played it without checking fully over the board, because I
believed I was still in my homework.} ({Indeed, a quick look at} 18. Qxf6 {
can easily bring us to the conclusion that White is just winning} exd4 19. cxd4
Nd7 (19... Ne6 20. Rxb7 Qxb7 (20... Qf4 21. Qe7) 21. Rxb7 Kxb7 22. Qxf7+ Nc7
23. d5 $18 {White has too many pawns}) 20. Qh6 $1 {threatening Rc1 and
preventing ...Kb8 simultaneously. Black has no satisfactory defence.}) 18...
Rd6 ({Of course not} 18... b5 {, because of} 19. Nxb5 axb5 20. Rxb5 $18) 19.
Nb3 b6 {Here I was still much better, however, the task was no longer simple.}
20. Qf5+ $6 ({During the game I underestimated} 20. a4 {, but in fact it would
have given White the best chances to play for a win} Rhd8 (20... a5 {is not
possible in view of} 21. Nxc5 bxc5 22. Rb5) 21. a5 ({The computer's suggestion
} 21. h4 {does not look convincing to me, as after} Rc6 22. a5 Nxb3 23. axb6
Qd7 (23... Qxb6 {loses to} 24. Qxf6) 24. Rxc6+ Qxc6 25. Rxb3 Kb7 {White is a
pawn up, but it is not so easy to make use of that. Black has important
counterplay after all: the passed a-pawn!}) 21... Qd7 $8 22. Nd4 $1 exd4 23.
axb6 (23. e5 Rd5 24. cxd4 b5 25. Rxc5+ Rxc5 26. dxc5 Qd5 $14) 23... dxc3 24.
Rxc5+ Kb8 25. Qf4 Ka8 26. g3 Rb8 27. Rc1 Rbxb6 28. R1xc3 $16 {Despite the
balance of material, White has a nice advantage here, due to his active pieces
and Black's exposed king. Black is not yet lost, though.}) 20... Kd8 {I think
that after this move, Black has every reason to hope for a draw.} 21. Nxc5 ({
I do not believe that} 21. f4 Re8 22. a4 Ree6 23. Nxc5 bxc5 {can give anything
for White. It is hard to see how White can free his c4-rook, which now turns
to be misplaced.}) (21. a4 {does not work because of} Qd7) 21... bxc5 22. h4 (
22. f4 Re8 23. Qxh7 Rd2 {does not look promising for White either.}) 22... Ke7
23. Rxc5 (23. g3 Rb6 24. Rd1 Rd6 $11) 23... Qxc5 24. Rb7+ Ke8 25. Rb8+ Ke7 26.
Rxh8 Rd1+ 27. Kh2 Rd2 28. Rc8 (28. Rxh7 Rxf2 29. Qg6 Qc4 30. Qg8 Re2 31. Rh8
Rxe4 32. Qd8+ Ke6 33. Qb6+ Ke7 34. Rd8 Rxh4+ 35. Kg1 Rh1+ 36. Kxh1 Qh4+ {
would also lead to perpetual check anyway.}) 28... Qxf2 29. Rc7+ Kf8 30. Qc8+
Kg7 31. Qg4+ Kf8 32. Rc8+ Ke7 33. Rc7+ Kf8 34. Rc8+ Ke7 35. Rc7+ {So I had to
make the repetition, since I had no more advantage. In general, my preparation
for this game was quite successful, as I almost got a winning position after
the opening. But then I played carelessly, missed a couple of chances and
allowed my opponent to hold it.} 1/2-1/2

[Event "Lubbock SPICE Cup-A 5th"]
[Site "Lubbock"]
[Date "2011.10.21"]
[Round "6"]
[White "Le, Quang Liem"]
[Black "Shulman, Yuri"]
[Result "1-0"]
[WhiteElo "2717"]
[BlackElo "2608"]
[Annotator "Le Quang Liem"]
[PlyCount "111"]
[EventDate "2011.10.15"]
[EventType "tourn"]
[EventRounds "10"]
[EventCountry "USA"]
[EventCategory "17"]
[SourceTitle "CBM 145"]
[Source "ChessBase"]
[SourceDate "2011.11.11"]
[SourceVersion "1"]
[SourceVersionDate "2011.11.11"]
[SourceQuality "1"]

1. d4 Nf6 2. c4 e6 3. Nf3 d5 4. Nc3 dxc4 {The Vienna variation of the Queen's
Gambit Declined. It is already a small surprise, as my opponent very seldom
chooses this opening.} 5. e4 Bb4 6. Bg5 {The sharpest main line. Both of us
were ready for a big fight!} c5 7. Bxc4 cxd4 8. Nxd4 Qa5 (8... Bxc3+ {is
played more frequently. Shulman once went for this line against Novikov in
2006 and made a draw eventually.}) 9. Bd2 Qc5 10. Bb5+ Bd7 11. Nb3 Qe7 12. Bd3
Nc6 13. O-O O-O 14. a3 Bd6 15. Kh1 {So far the game is following a fresh idea
of V. Kramnik, who introduced this subtle king move in his game against V.
Anand. Until now I could only find 3 games with this position, all played at
top level.} (15. f4 {is premature in view of} e5 16. Nd5 Nxd5 17. exd5 Nd4 $11
{Black gets a fully playable position.}) 15... Ne5 (15... Be5 16. f4 Bxc3 17.
Bxc3 e5 18. f5 Rfd8 19. Qe2 b6 20. Nd2 Bc8 21. Nf3 Bb7 22. Rae1 a6 23. Bc4 b5
24. Ba2 h6 $11 {Kramnik - Anand, Grand Slam Final Masters, 2010. The game soon
ended in a draw. Of course there is room for improvements.}) 16. Be2 $146 ({
The computer recommends} 16. Bg5 {This is also the choice of GM Grischuk
earlier in this year. However, in my opinion it is more natural to keep the
bishops on the board.} h6 17. Bxf6 gxf6 18. f4 Ng6 19. Qd2 Rfd8 20. Qe3 Bc6 21.
Bb5 Bxb5 22. Nxb5 Bb8 23. Rf3 a6 24. Nc3 Ba7 {Grischuk - Gelfand, Amber Rapid,
2011. The game finished in a draw at move 57.}) 16... Ng6 17. f4 e5 18. f5 Nf4
19. Bf3 {The criticial position for evaluation. The f4-knight will soon be
pushed back to the verge of the board. The question is whether Black has
enough activity for it.} Bc6 $6 (19... h6 $5 20. Be3 Bc6 (20... Rfd8 21. g3 Nh3
22. Bg2 Ng5 23. h4 Ngh7 24. g4 $36) 21. Na5 (21. Qc2 Rfc8 22. Rac1 a5 $13)
21... Bc5 22. Nxc6 bxc6 23. Bxc5 Qxc5 24. Rc1 Qa5 25. Qc2 Rad8 26. g3 Nh3 27.
Bg2 Ng5 28. h4 Ngh7 29. Bf3 Rd4 30. Rfd1 {White has a pleasant position.}) (
19... Nd3 {is not playable because of} 20. Bg5 Nxb2 21. Qc1 Nd3 22. Qd2 $18) (
19... Rac8 {doesn't help much. After} 20. Be3 {Black has to deal
simultaneously with the threats g3 and Bxa7.}) 20. Qc2 ({I missed this strong
move} 20. Na5 $1 Rfd8 21. Nxc6 bxc6 22. Qc2 $14 {White is clearly better
thanks to his superior pawn structure and bishop pair. This is the reason why
I suggest 19...h6 as an improvement for Black (see my notes above). Compared
to that line, here White doesn't have to exchange dark-squared bishops, which
is obviously in his favour.} Bc5 {The attempt to bring Black's knight to d3
does not quite work} 23. Na4 Nd3 24. Bg5 Bb6 25. Rad1) 20... Rfc8 {To avoid
being passive, Black gives up his queen for a rook and two minor pieces. The
next few moves are forced.} (20... h6 21. Na5 Rac8 22. Nxc6 Rxc6 23. Bxf4 exf4
24. e5 Bxe5 25. Bxc6 bxc6 26. Rae1 $14) 21. g3 Ne2 22. Nxe2 Bxe4 23. Bxe4 Rxc2
24. Bxc2 Qc7 25. Nc3 Qc6+ 26. Kg1 {This position is quite difficult to judge.
Practically White's pieces should outweigh Black's queen, but at the moment
White's king is vulnerable and his pieces are not so well-coordinated. Black's
activity may just be temporary, so he must act correctly. If Black manages to
create counterplay (e.g push a5, b7-b5-b4) he may even be better.} Bc5+ $6 {
Making White's task easier. Of course White is happy to exchange a couple of
minor pieces.} (26... Bc7 $5 27. h3 e4 28. Kh2 h5 (28... Nh5 29. Be1) 29. Bg5
Be5 {Black is at least not worse.}) (26... a5 27. a4 (27. Be3 a4 28. Nd2 Ng4
29. Be4 Qa6 30. Bf2 Nxf2 31. Kxf2 Qb6+ 32. Ke2 Qxb2 $15) 27... Bc7 28. h3 (28.
Be3 Ng4) 28... e4) 27. Nxc5 Qxc5+ 28. Kg2 Qb6 29. Rab1 Rd8 30. Bc1 (30. Rf2 $4
Qxf2+ 31. Kxf2 Rxd2+ 32. Kf3 Rxc2 $17) 30... h6 (30... Qc6+ 31. Kh3 b5 (31...
Qc4 32. Be3) 32. Bd1 $1 (32. Bg5 h6 $1 33. Bxf6 Rd2 34. Be4 Qxf6 35. Rfd1 Rf2
36. Rf1 Rd2 $11) (32. Be3 a5 33. Rbc1 b4 34. axb4 axb4 35. Nd1 h5) 32... a5 33.
Bg5 b4 34. axb4 axb4 35. Bf3 Qc8 36. Bxf6 gxf6 37. Nd5 $14) (30... Ng4 31. h3
Ne3+ 32. Bxe3 Qxe3 33. Rbd1 $16) (30... Nd5 31. Nxd5 Rxd5 32. Be4 Rd7 33. Re1
$16) 31. Re1 {Step by step White is improving his pieces, while Black has no
clear plan.} Qc6+ 32. Kg1 Ng4 $6 {Missing White's 34th move.} 33. Re2 Qf3 34.
Bg5 (34. Be4 {would fall into a nice tactical trap} Rd1+ 35. Nxd1 Qxe2 $19)
34... Rd4 (34... Nxh2 $2 35. Bh4 $18) 35. Rf1 Qc6 36. Bc1 Qc5 37. Kg2 b5 38.
Be4 a5 39. Bf3 {White successfully regroups his pieces to the optimal state of
harmony (just in time to answer b4 with Ne4). Now he is just winning.} Qc4 40.
Ne4 (40. Rfe1 Nf6 41. Rxe5 b4 42. axb4 axb4 43. Ne4 $18 {may win faster.})
40... Nxh2 41. b3 Qd3 (41... Qxe2+ 42. Bxe2 Nxf1 43. Kxf1 Rxe4 44. Bxb5 $16 {
should be a technical win for White.}) 42. Nc5 Qc3 43. Kxh2 Qxc5 44. Be3 a4 45.
Rc1 Qd6 46. Bxd4 Qxd4 {Black's queen is in no match for White's three pieces
once they are not misplaced. The rest is simple.} 47. bxa4 bxa4 48. Kg2 Qd7 49.
Rb1 Kh7 50. Rxe5 Qd3 51. Rb8 Qxa3 52. Ree8 g5 53. Rg8 Qd3 54. f6 Qc2+ 55. Kh3
Qf5+ 56. Kh2 1-0